000 00873aas a2200229 4500
999 _c3476
_d3476
003 BR-BrBNA
005 20230317233815.0
007 ta
008 230119b bl ||||| |||| 00| 0 por d
022 _a1808-0219
035 _a000485-5
040 _aBR-BrBNA
_bPor
_cBR-BrBNA
042 _aN
044 _abl
245 _aRealidade Rural - Associação Riograndense de Empreendimentos de Assistência Técnica e Extensão Rural (Brazil)
260 _aPorto Alegre-RS
_bAssociação Riograndense de Empreendimentos de Assistência Técnica e Extensão Rural
_c1991
_eBRS
270 _aRua Botafogo, 1051 - Menino Deus - Caixa Postal 2727 - 90150-053
310 _airregular
505 _a1991-94 (1-13); 1995 (7 2ºed,14-19); 1996-99 (20-27); 2002 (28-29); 2003-04 (31-41); 2005 (42); 2006 (43-47); 2007 (48-49); 2008 (50-51);
909 _a56
_bSergio Santos
_c56
_dSergio Santos
942 _cCR
_2AGRIS